Music Quiz

Random Music or Lyrics Quiz
Score 0/255 Timer 10:00
0 Plays Today
Lyrics % Correct
talk
99.5%
to
99.5%
God
99.5%
as
99.5%
as
99.5%
talk
99.5%
to
99.5%
Satan
99.5%
to
99.5%
as
99.5%
as
99.5%
to
99.5%
God
99.5%
to
99.5%
to
99.5%
talk
99.5%
to
99.5%
God
99.5%
as
99.5%
as
99.5%
talk
99.5%
to
99.5%
Satan
99.5%
to
99.5%
to
99.5%
God
99.5%
to
99.5%
to
99.5%
to
99.5%
much
98.9%
cause
98.9%
much
98.9%
Cause
98.9%
much
98.9%
cause
98.9%
cause
98.9%
want
97.8%
hear
97.8%
want
97.8%
want
97.8%
hear
97.8%
want
97.8%
just
97.8%
both
97.3%
and
97.3%
is
97.3%
a
97.3%
Is
97.3%
the
97.3%
Is
97.3%
the
97.3%
The
97.3%
the
97.3%
a
97.3%
a
97.3%
ooahh
97.3%
is
97.3%
is
97.3%
both
97.3%
and
97.3%
is
97.3%
the
97.3%
a
97.3%
a
97.3%
the
97.3%
and
97.3%
and
97.3%
a
97.3%
A
97.3%
the
97.3%
and
97.3%
The
97.3%
the
97.3%
a
97.3%
a
97.3%
a
97.3%
a
97.3%
ooahh
97.3%
ooahh
97.3%
ooahh
97.3%
sides
96.7%
sides
96.7%
side
96.7%
me
95.1%
this
95.1%
Lyrics % Correct
this
95.1%
this
95.1%
this
95.1%
me
95.1%
me
95.1%
this
95.1%
this
95.1%
me
95.1%
This
95.1%
This
95.1%
This
95.1%
This
95.1%
that
94%
no
94%
no
94%
that
94%
that
94%
no
94%
no
94%
make
93.4%
make
93.4%
make
93.4%
I
92.9%
I
92.9%
I
92.9%
I
92.9%
I
92.9%
I
92.9%
I
92.9%
I
92.9%
miracle
92.9%
I
92.9%
miracle
92.9%
I
92.9%
I
92.9%
I
92.9%
I
92.9%
I
92.9%
I
92.9%
I
92.9%
miracle
92.9%
I
92.9%
miracle
92.9%
miracle
92.9%
miracle
92.9%
I
92.9%
miracle
92.9%
miracle
92.9%
miracle
92.9%
miracle
92.9%
Does
92.3%
Does
92.3%
life
91.2%
I'm
91.2%
I'm
91.2%
life
91.2%
life
91.2%
are
90.1%
just
90.1%
of
90.1%
just
90.1%
are
90.1%
just
90.1%
of
90.1%
There
89.6%
There
89.6%
We
88.5%
see
87.4%
up
87.4%
see
87.4%
up
87.4%
up
87.4%
see
87.4%
see
87.4%
love
86.8%
ain't
86.8%
ain't
86.8%
ain't
86.8%
ain't
86.8%
ain't
86.8%
ain't
86.8%
cynical?
86.3%
guy
86.3%
look
86.3%
you
86.3%
Lyrics % Correct
You
86.3%
you
86.3%
cynical?
86.3%
look
86.3%
because
85.7%
miracles
85.2%
miracles
85.2%
in
85.2%
miraculous
84.6%
hate
84.6%
alive?
84.6%
miraculous
84.6%
being
84.1%
it
83.5%
twisted
82.4%
pinnacle?
81.9%
pinnacle?
81.9%
pinnacle
81.9%
But
80.2%
But
80.2%
but
80.2%
your
79.7%
your
79.7%
your
79.7%
trouble
79.1%
trouble
79.1%
crave
78.6%
live
78.6%
live
78.6%
my
78%
through
75.3%
through
75.3%
take
74.7%
know
74.2%
know
74.2%
Well
73.6%
Well
73.6%
light
73.1%
watch
73.1%
Now
72%
into
72%
I'll
72%
chance
71.4%
savour
70.9%
When
70.3%
us
70.3%
or
69.8%
down?
69.8%
walk
69.8%
don't
69.8%
it's
69.8%
good
68.7%
only
67.6%
for
67%
from
66.5%
gonna
66.5%
ruin
66.5%
come
66.5%
with
65.9%
Someone
64.3%
crying
64.3%
water
64.3%
watching
63.7%
hand
63.7%
believe
63.2%
stick
62.6%
miserable
62.1%
dance
62.1%
certain
61.5%
although
61.5%
splinters
61.5%
fish
61%
ripples
61%
snaps
59.9%
We're
58.8%
seesaw
57.1%
ride
52.2%
slap
51.6%
eyes
50.5%
rust
45.6%
encased
42.9%
blinking
38.5%
duds
35.2%
blue
25.3%
dull
22.5%
Remove Ads.
Support Sporcle.
Get the best of Sporcle when you Go Orange. This ad-free experience offers more features, more stats, and more fun while also helping to support Sporcle. Thank you for becoming a member.

You're not logged in!

Compare scores with friends on all Sporcle quizzes.
OR
Log In

Show Comments

Extras

Created Sep 9, 2017ReportNominate
Tags:Lyrics Quiz, Biffy Clyro

Top Quizzes Today


Score Distribution

Your Account Isn't Verified!

In order to create a playlist on Sporcle, you need to verify the email address you used during registration. Go to your Sporcle Settings to finish the process.

Report this User

Report this user for behavior that violates our Community Guidelines.

Details: